00521nam a22001697a 450000500170000001000150001702000260003203500140005803700130007208200130008510000180009824500570011626000630017327000770023630000210031370000170033420231204172057.0 aENG-137599 a9788184620436c495.00 aEN-121131 bDBAD/PUB a294.5211 aRajesh, Karen aDevi's Grace:bMaa Mookambika Devi/cBy Karen Rajesh bArun K. Mehta for Vakils Feffer and Simons Pvt. Ltd.c2011 aIndustry Manor, Appasaheb Marathe Marg, Prabhadevi, Mumbai 400025, India a265p.c23cm(pbk) aVishal Desai